000 00481nam a2200181Ia 4500
001 19799
005 20260306172719.0
008 260306t2002||||xx |||||||||||||| ||spa||
041 _aESP
082 _a341.1
_bL21
100 _aLamas, Félix Adolfo
_eAUT
245 0 _aLos principios y el derecho natural:
_ben la metodología de las ciencias prácticas
260 _c2002
300 _a181 páginas :
_c23 cm.
650 _aGEN
654 _aCDE
942 _cLIB
_dJUS
_fJUS
_2ddc
_n
999 _c19799
_d19799